000 00574nam a2200181Ia 4500
003 OSt
005 20240612110000.0
008 210210b1949 xxu||||| |||| 00| 0 eng d
040 _cAL
041 _akan
082 _a859/2254
100 _aHARIDASA BHATTA (K S)
_9158696
_dಹರಿದಾಸ ಭಟ್ಟ (ಕೆಎಸ್)
245 _aAvaru yuddhakke hogalilla:
_bಅವರು ಯುದ್ಧಕ್ಕೆ ಹೋಗಲಿಲ್ಲ
260 _aHubballi
_bSarvodaya Sahitya Prakashana
_c1949
690 _aKannada Fiction
_9158697
906 _a022968
942 _2ddc
_cBK
999 _c147801
_d147801